Statystyki dla Państwa Ameryki Północnej według dwóch pierwszych liter

Kliknij tutaj aby rozwiązać quiz!

Ogólne statystyki

  • Ten quiz został rozwiązany 650 razy
  • Średni wynik to 17 z 23

Odpowiedzi na mapie

Odpowiedzi skodowane kolorowo w zielono-czerwonej skali na mapie do tego quizu, zgodnie z poniższymi procentami.
 

Statystyki odpowiedzi

Kraj% Poprawnych
Kanada
99%
Stany Zjednoczone
99%
Meksyk
96%
Kuba
89%
Panama
82%
Dominika
79%
Dominikana
79%
Saint Kitts i
Nevis
76%
Saint Lucia
76%
Saint Vincent i
Grenadyny
76%
Salwador
76%
Belize
72%
Kostaryka
72%
Haiti
71%
Nikaragua
71%
Gwatemala
69%
Honduras
68%
Jamajka
67%
Bahamy
66%
Barbados
66%
Antigua i Barbuda
40%
Trynidad i Tobago
38%
Grenada
27%

Rozkład punktacji

Percentyl według liczby udzielonych odpowiedzi

Procent ludzi z każdym wynikiem

Twoja historia wyników

Nie rozwiązałeś tego quizu